Huellas de las transiciones políticas : (Record no. 105097)
[ view plain ]
| 000 -CABECERA | |
|---|---|
| campo de control de longitud fija | 00675nam a2200193 a 4500 |
| 005 - FECHA Y HORA DE LA ÚLTIMA TRANSACCIÓN | |
| campo de control | 20210223125340.0 |
| 008 - ELEMENTOS DE LONGITUD FIJA--INFORMACIÓN GENERAL | |
| campo de control de longitud fija | 040420s1998 mx r 000 0 spa d |
| 020 ## - NÚMERO INTERNACIONAL NORMALIZADO PARA LIBROS | |
| Número Internacional Estándar del Libro | 9686914757 |
| 035 ## - NÚMERO DE CONTROL DEL SISTEMA | |
| Número de control de sistema | UPN01000132944 |
| 049 ## - COLECCIÓN | |
| Colección | CG |
| 050 #4 - SIGNATURA TOPOGRÁFICA DE LA BIBLIOTECA DEL CONGRESO | |
| Número de clasificación | JL969 A4.5 |
| Número de documento/Ítem | H8.3 |
| 245 00 - MENCIÓN DE TÍTULO | |
| Título | Huellas de las transiciones políticas : |
| Resto del título | partidos y elecciones en América Latina / |
| Mención de responsabilidad, etc. | Silvia Dutrénit Bielous ... [et al.]. |
| 260 ## - PUBLICACIÓN, DISTRIBUCIÓN, ETC. | |
| Lugar de publicación, distribución, etc. | México : |
| Nombre del editor, distribuidor, etc. | Instituto Mora, |
| Fecha de publicación, distribución, etc. | 1998. |
| 300 ## - DESCRIPCIÓN FÍSICA | |
| Extensión | 280 p. : |
| Otras características físicas | cuadros, gráfs. |
| 650 #4 - ASIENTO SECUNDARIO DE MATERIA - TERMINO TEMATICO | |
| Término de materia o nombre geográfico como elemento de entrada | PARTIDOS POLITICOS - |
| Subdivisión geográfica | AMERICA LATINA |
| 9 (RLIN) | 15172 |
| 650 #4 - ASIENTO SECUNDARIO DE MATERIA - TERMINO TEMATICO | |
| Término de materia o nombre geográfico como elemento de entrada | ELECCIONES - |
| Subdivisión geográfica | AMERICA LATINA |
| 9 (RLIN) | 14722 |
| 700 1# - ASIENTO SECUNDARIO--NOMBRE DE PERSONAL | |
| Nombre de persona | Dutrénit Bielous, Silvia, |
| Término indicativo de función/relación | coaut. |
| 9 (RLIN) | 40727 |
| 905 ## - TIPO DE MATERIAL | |
| Tipo de material | Libro |
| Estado de retiro | Estado de pérdida | Fuente del sistema de clasificación o colocación | Estado dañado | No para préstamo | Código de colección | Localización permanente | Ubicación/localización actual | Ubicación en estantería | Total de préstamos | Clasificación | Código de barras | Fecha visto por última vez | Número de copia | Tipo de ítem Koha |
|---|---|---|---|---|---|---|---|---|---|---|---|---|---|---|
| Library of Congress Classification | Colección General | Bib. Gregorio Torres Quintero | Bib. Gregorio Torres Quintero | Planta baja | JL969 A4.5 H8.3 | 223870 | 31/12/2020 | 1 | Libro | |||||
| Library of Congress Classification | Colección General | Bib. Gregorio Torres Quintero | Bib. Gregorio Torres Quintero | Planta baja | JL969 A4.5 H8.3 | 223869 | 31/12/2020 | 1 | Libro |
